Catalog

Record Details

Catalog Search



Dragons : Mythical creatures Cover Image Book Book

Dragons : Mythical creatures/ Martha London.

London, Martha,: (author.).

Summary:

"Introduces readers to dragons, with an emphasis on the creature's history, appearance, and behavior. Vivid photographs and easy-to-read text aid comprehension for young readers. Features include a table of contents, an infographic, a timeline, fun facts, Making Connections questions, a glossary, and an index. QR Codes in the book give readers access to book-specific resources to further their learning. Aligned to Common Core Standards and correlated to state standards." -- Amazon.com.

Record details

  • ISBN: 9781532165740
  • ISBN: 1532165749
  • Physical Description: 32 pages : color illustrations ; 23 cm.
  • Publisher: Minneapolis, Minnesota : DiscoverRoo, an imprint of Pop!, 2020

Content descriptions

General Note:
Includes index.
Formatted Contents Note:
Danger in the dark -- Different dragons -- Built for flight -- People and dragons -- Making connections -- Glossary -- Index -- Online resources.
Subject: Dragons > Juvenile fiction.
Animals, Mythical > Juvenile literature.
Folklore > Juvenile literature.
Legends > Juvenile fiction.
Genre: Juvenile works.
Folklore.
Legends.
Instructional and educational works.

Available copies

  • 1 of 1 copy available at scottsboropl.

Holds

  • 0 current holds with 1 total copy.
Show All Copies
Location Call Number / Copy Notes Barcode Shelving Location Status Due Date
scottsboropl J 398.24 Lon 32269001191827 Juvenile - NonFiction Available -

LDR 01969cam a2200385Ii 4500
001153610
003SBPL
00520200311124638.0
008191003t20202020mnua j 001 0 eng d
010 . ‡a 2019942469
020 . ‡a9781532165740 ‡q(hardcover)
020 . ‡a1532165749 ‡q(hardcover)
035 . ‡a(CONS)153610
035 . ‡a(CPomAG)LMN616133
08204. ‡a398.24/54 ‡223
1001 . ‡aLondon, Martha,: ‡eauthor.
24510. ‡aDragons : ‡bMythical creatures/ ‡cMartha London.
264 1. ‡aMinneapolis, Minnesota : ‡bDiscoverRoo, an imprint of Pop!, ‡c2020
300 . ‡a32 pages : ‡bcolor illustrations ; ‡c23 cm.
336 . ‡atext ‡btxt ‡2rdacontent
336 . ‡astill image ‡bsti ‡2rdacontent
337 . ‡aunmediated ‡bn ‡2rdamedia
338 . ‡avolume ‡bnc ‡2rdacarrier
4901 . ‡aMythical creatures
500 . ‡aIncludes index.
50500. ‡tDanger in the dark -- ‡tDifferent dragons -- ‡tBuilt for flight -- ‡tPeople and dragons -- ‡tMaking connections -- ‡tGlossary -- ‡tIndex -- ‡tOnline resources.
520 . ‡a"Introduces readers to dragons, with an emphasis on the creature's history, appearance, and behavior. Vivid photographs and easy-to-read text aid comprehension for young readers. Features include a table of contents, an infographic, a timeline, fun facts, Making Connections questions, a glossary, and an index. QR Codes in the book give readers access to book-specific resources to further their learning. Aligned to Common Core Standards and correlated to state standards." -- Amazon.com.
650 0. ‡aDragons ‡vJuvenile fiction.
650 0. ‡aAnimals, Mythical ‡vJuvenile literature.
650 0. ‡aFolklore ‡vJuvenile literature.
650 0. ‡aLegends ‡vJuvenile fiction.
655 7. ‡aJuvenile works.
655 7. ‡aFolklore.
655 7. ‡aLegends.
655 7. ‡aInstructional and educational works. ‡2lcgft
8001 . ‡aLondon, Martha. ‡tMythical creatures.
901 . ‡a153610 ‡bUnknown ‡c153610 ‡tbiblio

Additional Resources